Statistics for Books by Clue #2

Click here to take the quiz!

General Stats

  • This quiz has been taken 23,212 times
  • The average score is 10 of 20

Answer Stats

CluesBook% Correct
Mad Hatter, Rabbit Hole, Cheshire CatAlice's Adventures in Wonderland
99%
White Whale, Ahab, Peg LegMoby-Dick
81%
Orphans, Pickpockets, Artful DodgerOliver Twist
78%
Denmark = Rotten, Ophelia, Skull as a Stage PropHamlet
71%
Alabama, Boo Radley, Jim Crow Legal SystemTo Kill a Mockingbird
67%
Winterfell, Targaryen, Every Kid gets a DirewolfA Game of Thrones
61%
Room 101, Ministry of Love, DoublethinkNineteen Eighty-Four
60%
Mississippi River, Raft Ride, N-Word ControversyAdventures of Huckleberry Finn
59%
Tiger, Shipwreck, Meerkat IslandLife of Pi
59%
Trojan War, Achilles, Face that Launched 1,000 ShipsThe Iliad
57%
Telekinesis, Trunchbull, Kid Forced to Eat Entire CakeMatilda
55%
Castaway, Friday, CannibalsRobinson Crusoe
44%
Beethoven, Ultraviolence, Milk-PlusA Clockwork Orange
37%
WWII Bombers, Damned if You Do, Damned if You Don'tCatch-22
37%
Nymphet, Humbert, Banned BookLolita
33%
Beat Generation, Car Trip, Dean MoriartyOn the Road
33%
Africa, Ivory, The Horror!Heart of Darkness
31%
Pond, Transcendentalism, CabinWalden
28%
Dresden Bombing, Tralfamadore, Time-shifting NarratorSlaughterhouse-Five
21%
Milo, Subtraction Soup, DictionopolisThe Phantom Tollbooth
11%

Score Distribution

Percentile by Number Answered

Percent of People with Each Score

Your Score History

You have not taken this quiz